| 000 | 01142nam a2200313 c 4500 | ||
|---|---|---|---|
| 999 |
_c160981 _d160981 |
||
| 003 | BLK | ||
| 005 | 20220225165450.0 | ||
| 008 | 180410b bul|||||r ||||||| ||bul|| | ||
| 010 | _aKNG00168273000 | ||
| 040 | _aBLK | ||
| 041 |
_aBUL _cBUL |
||
| 072 | 7 |
_2bullib _aЯ _xАвтографи |
|
| 072 | 7 |
_2bullib _aК _xКраезнание |
|
| 080 |
_aБългарска литература _b821.163.2 _x-1 _z821.163.2-1 |
||
| 100 | 1 |
_aСимеонова, Гатя Гатева _eпърви автор _9369082 |
|
| 139 |
_aСимеонова, Гатя Гатева _bС 37 |
||
| 245 | 1 | 0 |
_aЖена от края на ХХ век _bСтихове _cГатя Гатева Симеонова. |
| 257 | _aBGR | ||
| 260 |
_bИзд. авт. _c1991 _fСофия : печ. на ИК "Цанко Церковски" |
||
| 300 |
_a64 с. _bс ил. _c17 см |
||
| 380 | _aX | ||
| 659 | _aК | ||
| 659 | _aЯ | ||
| 852 | _aЦб І 25392 | ||
| 852 | _aК 821.163.2/С 37 Г | ||
| 856 | 4 | _qpdf | |
| 856 | 4 | _qpdf | |
| 942 |
_cKNG _n0 _s1 |
||
| 944 |
_aCR _c03.12.2014 _l03.12.2014 - от С1,Р / 03.12.2014 _kНора_Радева |
||
| 944 |
_aED _c03.12.2014 _l03.12.2014 - от С1,Р / 03.12.2014 |
||
| 999 | _d160981 | ||